<?xml version="1.0" encoding="UTF-8"?>
<record
    xmlns:xsi="http://www.w3.org/2001/XMLSchema-instance"
    xsi:schemaLocation="http://www.loc.gov/MARC21/slim http://www.loc.gov/standards/marcxml/schema/MARC21slim.xsd"
    xmlns="http://www.loc.gov/MARC21/slim">

  <leader>01343cam a22003011  4500</leader>
  <controlfield tag="001">he 68003985 </controlfield>
  <controlfield tag="003">DLC</controlfield>
  <controlfield tag="005">20260227111507.0</controlfield>
  <controlfield tag="008">880517s1965    is            000 0 heb  </controlfield>
  <datafield tag="010" ind1=" " ind2=" ">
    <subfield code="a">he 68003985 </subfield>
  </datafield>
  <datafield tag="035" ind1=" " ind2=" ">
    <subfield code="a">(OCoLC)17963223</subfield>
  </datafield>
  <datafield tag="040" ind1=" " ind2=" ">
    <subfield code="a">DLC</subfield>
    <subfield code="c">TxU</subfield>
    <subfield code="d">TxU</subfield>
    <subfield code="d">DLC</subfield>
  </datafield>
  <datafield tag="042" ind1=" " ind2=" ">
    <subfield code="a">premarc</subfield>
  </datafield>
  <datafield tag="050" ind1="0" ind2="0">
    <subfield code="a">DS110.R327</subfield>
    <subfield code="b">Y3</subfield>
  </datafield>
  <datafield tag="245" ind1="0" ind2="0">
    <subfield code="a">Yalkut le-&#x1E25;eker toldot ha-moshavah;</subfield>
    <subfield code="b">la-talmid, la-no&#x2BB;ar, la-&#x2BB;olah vela-toshav. Mukdash le-&#x1E25;anukat mishkan ha-Arkhiyon veha-muze&#x2BC;on ha-yishuvi vele-&#x2BB;asor ha-rishon le-yisud "ha-&#x1E24;ug."</subfield>
  </datafield>
  <datafield tag="260" ind1=" " ind2=" ">
    <subfield code="a">[Ramat-ha-Sharon]</subfield>
    <subfield code="c">1965.</subfield>
  </datafield>
  <datafield tag="300" ind1=" " ind2=" ">
    <subfield code="a">95 l.</subfield>
    <subfield code="c">32 cm.</subfield>
  </datafield>
  <datafield tag="500" ind1=" " ind2=" ">
    <subfield code="a">Cover title: Yalkut Ramat-ha-Sharon; hashlamah le-sefer ha-moshavah.</subfield>
  </datafield>
  <datafield tag="500" ind1=" " ind2=" ">
    <subfield code="a">At head of title: ha-Mo&#x2BB;atsah ha-mekomit Ramat ha-Sharon, ha-&#x1E24;ug le-yedi&#x2BB;at ha-moshavah be-Ramat ha-Sharon, Arkhiyon u-muze&#x2BC;on yishuvi.</subfield>
  </datafield>
  <datafield tag="500" ind1=" " ind2=" ">
    <subfield code="a">"Le-hashlim et yedi&#x2BB;at ha-moshavah ... me-az hofa&#x2BB;at sefer ha-moshavah ve-'Mikra&#x2BC;ot'."</subfield>
  </datafield>
  <datafield tag="500" ind1=" " ind2=" ">
    <subfield code="a">Supplement to Kressel, Getzel. Sefer Ramat-ha-Sharon, 682-722.</subfield>
  </datafield>
  <datafield tag="651" ind1=" " ind2="0">
    <subfield code="a">Ramat ha-Sharon (Israel)</subfield>
  </datafield>
  <datafield tag="700" ind1="1" ind2=" ">
    <subfield code="a">Picker, Josef,</subfield>
    <subfield code="d">1897-1968.</subfield>
  </datafield>
  <datafield tag="700" ind1="1" ind2=" ">
    <subfield code="a">Kressel, Getzel,</subfield>
    <subfield code="d">1911-1986.</subfield>
    <subfield code="t">Sefer Ramat ha-Sharon.</subfield>
  </datafield>
  <datafield tag="710" ind1="2" ind2=" ">
    <subfield code="a">ha-&#x1E24;ug li-yedi&#x2BB;at ha-moshavah be-Ramat-ha-Sharon.</subfield>
  </datafield>
  <datafield tag="710" ind1="2" ind2=" ">
    <subfield code="a">Arkhiyon u-muze&#x2BC;on yishuvi.</subfield>
  </datafield>
  <datafield tag="740" ind1="0" ind2=" ">
    <subfield code="a">Yalkut Ramat-ha-Sharon.</subfield>
  </datafield>
  <datafield tag="999" ind1=" " ind2=" ">
    <subfield code="c">34038</subfield>
    <subfield code="d">34038</subfield>
  </datafield>
</record>
